Movies Quiz

Random Movies or Letter Quiz

Pixar A-Z Quiz Stats

 Plays Quiz Updated Nov 30, 2017

Score 0/26 Timer 06:00
0 Plays Today
Hint Answer % Correct
Missing fishNemo
94.1%
Space rangerBuzz Lightyear
93.9%
Toys' ownerAndy
90.9%
Superhero familyIncredibles
87%
Forgetful fishDory
87%
Sheriff cowboyWoody
77.4%
Spunky cowgirlJessie
72.4%
Toy-torturing neighborSid
62.6%
Rusty tow truckMater
60.9%
Pixar's tenth featureUp
59.2%
Protagonist carLightning McQueen
54.6%
Dreamer antFlik
51.4%
Restaurant with arcadePizza Planet
50.3%
Hint Answer % Correct
Ants' main foeHopper
45.6%
Helen ParrElastigirl
43%
Rat who cooksRemy
42.8%
Galactic nemesisZurg
38.6%
Teenage superheroViolet
36.5%
Mike Wazowski's girlfriendCelia
28.4%
Atta's momQueen
23.9%
Ratzenberger's monsterYeti
13%
Snowglobe short filmKnick Knack
8.2%
Chess player/cleanerGeri
7.9%
Syndrome's destructive robotOmnidroid
6.6%
Flagship of the BnL fleetAxiom
6.5%
Pixar's first Oscar winnerTin Toy
4.5%

You're not logged in!

Compare scores with friends on all Sporcle quizzes.
OR
Log In

Sporcle TV

Today on Sporcle TV


Watch our educational content, quiz creation guides, and fun videos on Sporcle TV.

Show Comments

Extras

Top Quizzes Today


Score Distribution

Your Account Isn't Verified!

In order to create a playlist on Sporcle, you need to verify the email address you used during registration. Go to your Sporcle Settings to finish the process.

Report this User

Report this user for behavior that violates our Community Guidelines.

Details: